<?xml version="1.0" encoding="UTF-8"?>
<record
    xmlns:xsi="http://www.w3.org/2001/XMLSchema-instance"
    xsi:schemaLocation="http://www.loc.gov/MARC21/slim http://www.loc.gov/standards/marcxml/schema/MARC21slim.xsd"
    xmlns="http://www.loc.gov/MARC21/slim">

  <leader>     nam a22     7a 4500</leader>
  <datafield tag="999" ind1=" " ind2=" ">
    <subfield code="c">28725</subfield>
    <subfield code="d">28725</subfield>
  </datafield>
  <controlfield tag="008">170316b        xxu||||| |||| 00| 0 eng d</controlfield>
  <datafield tag="020" ind1=" " ind2=" ">
    <subfield code="a">9780073381282</subfield>
  </datafield>
  <datafield tag="050" ind1=" " ind2=" ">
    <subfield code="a">HD 30.28 .K48 2009</subfield>
  </datafield>
  <datafield tag="100" ind1=" " ind2=" ">
    <subfield code="a">Robert, David J</subfield>
  </datafield>
  <datafield tag="245" ind1=" " ind2=" ">
    <subfield code="a">Strategy : </subfield>
    <subfield code="b">2008-2009/</subfield>
    <subfield code="c">David J Ketchen; Alan B Eisner; et al</subfield>
  </datafield>
  <datafield tag="260" ind1=" " ind2=" ">
    <subfield code="a">New York, NY :</subfield>
    <subfield code="b">McGraw-Hill Irwin,</subfield>
    <subfield code="c">c2009.</subfield>
  </datafield>
  <datafield tag="300" ind1=" " ind2=" ">
    <subfield code="a">xv, 319 p. : </subfield>
    <subfield code="b">ill. ;</subfield>
    <subfield code="c">25 cm.</subfield>
  </datafield>
  <datafield tag="650" ind1=" " ind2=" ">
    <subfield code="a">Strategic planning.</subfield>
  </datafield>
  <datafield tag="650" ind1=" " ind2=" ">
    <subfield code="a">Business planning.</subfield>
  </datafield>
  <datafield tag="942" ind1=" " ind2=" ">
    <subfield code="2">lcc</subfield>
    <subfield code="c">BOOKS</subfield>
    <subfield code="h">HD 30.28 .K48 2009</subfield>
    <subfield code="0">1</subfield>
  </datafield>
  <datafield tag="952" ind1=" " ind2=" ">
    <subfield code="0">0</subfield>
    <subfield code="1">0</subfield>
    <subfield code="2">lcc</subfield>
    <subfield code="4">0</subfield>
    <subfield code="7">0</subfield>
    <subfield code="a">MUC</subfield>
    <subfield code="b">MUC</subfield>
    <subfield code="c">GEN</subfield>
    <subfield code="d">2017-03-15</subfield>
    <subfield code="e">Chairman - Machakos University Council</subfield>
    <subfield code="l">1</subfield>
    <subfield code="o">HD 30.28 .K48 2009</subfield>
    <subfield code="p">36800</subfield>
    <subfield code="r">2019-06-07</subfield>
    <subfield code="s">2019-02-04</subfield>
    <subfield code="w">2017-03-16</subfield>
    <subfield code="y">BOOKS</subfield>
  </datafield>
  <datafield tag="952" ind1=" " ind2=" ">
    <subfield code="0">0</subfield>
    <subfield code="1">0</subfield>
    <subfield code="2">lcc</subfield>
    <subfield code="4">0</subfield>
    <subfield code="7">0</subfield>
    <subfield code="a">MUC</subfield>
    <subfield code="b">MUC</subfield>
    <subfield code="c">GEN</subfield>
    <subfield code="d">2017-03-15</subfield>
    <subfield code="e">Chairman - Machakos University Council</subfield>
    <subfield code="l">0</subfield>
    <subfield code="o">HD 30.28 .K48 2009</subfield>
    <subfield code="p">36799</subfield>
    <subfield code="r">2017-03-16</subfield>
    <subfield code="w">2017-03-16</subfield>
    <subfield code="y">BOOKS</subfield>
  </datafield>
  <datafield tag="952" ind1=" " ind2=" ">
    <subfield code="0">0</subfield>
    <subfield code="1">0</subfield>
    <subfield code="2">lcc</subfield>
    <subfield code="4">0</subfield>
    <subfield code="7">0</subfield>
    <subfield code="a">MUC</subfield>
    <subfield code="b">MUC</subfield>
    <subfield code="c">TECH</subfield>
    <subfield code="d">2017-03-15</subfield>
    <subfield code="e">Chairman - Machakos University Council</subfield>
    <subfield code="l">0</subfield>
    <subfield code="o">HD 30.28 .K48 2009</subfield>
    <subfield code="p">36798</subfield>
    <subfield code="r">2017-04-27</subfield>
    <subfield code="w">2017-03-16</subfield>
    <subfield code="y">BOOKS</subfield>
  </datafield>
  <datafield tag="952" ind1=" " ind2=" ">
    <subfield code="0">0</subfield>
    <subfield code="1">0</subfield>
    <subfield code="2">lcc</subfield>
    <subfield code="4">0</subfield>
    <subfield code="7">0</subfield>
    <subfield code="a">MUC</subfield>
    <subfield code="b">MUC</subfield>
    <subfield code="c">GEN</subfield>
    <subfield code="d">2017-03-15</subfield>
    <subfield code="e">Chairman - Machakos University Council</subfield>
    <subfield code="l">0</subfield>
    <subfield code="o">HD 30.28 .K48 2009</subfield>
    <subfield code="p">36797</subfield>
    <subfield code="r">2019-05-31</subfield>
    <subfield code="w">2017-03-16</subfield>
    <subfield code="y">BOOKS</subfield>
  </datafield>
</record>
